A Summary of the proposals : (Record no. 12856)

MARC details
000 -LEADER
fixed length control field 00631cam a22001932 4500
001 - CONTROL NUMBER
control field 0000003484
005 - DATE AND TIME OF LATEST TRANSACTION
control field 20151217155822.0
008 - FIXED-LENGTH DATA ELEMENTS--GENERAL INFORMATION
fixed length control field 070508s xx 000 0 eng d
040 ## - CATALOGING SOURCE
Original cataloging agency KABU
Transcribing agency KABU
050 #0 - LIBRARY OF CONGRESS CALL NUMBER
Classification number KSK1744.52002
Item number .A3C66 Suppl.
110 2# - MAIN ENTRY--CORPORATE NAME
Corporate name or jurisdiction name as entry element Constitution of Kenya Review Commission.
-- 0000153437
245 12 - TITLE STATEMENT
Title A Summary of the proposals :
Remainder of title the draft constitution at a glance.
260 ## - PUBLICATION, DISTRIBUTION, ETC. (IMPRINT)
Place of publication, distribution, etc. Nairobi :
Name of publisher, distributor, etc. CKRC,
Date of publication, distribution, etc. 2002.
300 ## - PHYSICAL DESCRIPTION
Extent 28 p.
650 #0 - SUBJECT ADDED ENTRY--TOPICAL TERM
Topical term or geographic name as entry element Constitution (Draft)
Geographic subdivision Kenya.
-- 0000153438
908 ## - PUT COMMAND PARAMETER (RLIN)
Put command parameter 070508
950 ## - LOCAL HOLDINGS (RLIN)
-- 1
Holdings
Withdrawn status Lost status Source of classification or shelving scheme Not for loan Home library Current library Date acquired Total Checkouts Full call number Barcode Date last seen Price effective from Koha item type
    Library of Congress Classification   Kabarak, Main Campus Kabarak, Main Campus 17/12/2015   KSK1744.52002 .A3C66 Suppl. 010426 17/12/2015 17/12/2015 Africana Collection
Designed with assistance from East African Informatics Ltd